[Event "Sport Summer 2016"]
[Site "Paracin"]
[Date "2016.07.11"]
[Round "5.18"]
[White "Cvetkovic, Srdjan"]
[Black "Agdelen, Huseyin Can"]
[Result "0-1"]
[BlackElo "2061"]
[WhiteElo "2306"]
[LiveChessVersion "1.4.8"]

1. c4 {[%clk 1:30:57]} Nf6 {[%clk 1:30:53]} 2. b3 {[%clk 1:28:50]} e5
{[%clk 1:30:24]} 3. Bb2 {[%clk 1:27:10]} Nc6 {[%clk 1:30:28]} 4. Nc3
{[%clk 1:25:01]} d5 {[%clk 1:30:06]} 5. cxd5 {[%clk 1:21:54]} Nxd5
{[%clk 1:30:27]} 6. g3 {[%clk 1:07:56]} Be6 {[%clk 1:30:20]} 7. Bg2
{[%clk 1:07:39]} f6 {[%clk 1:30:06]} 8. Nf3 {[%clk 1:06:56]} Qd7 {[%clk 1:30:08]}
9. O-O {[%clk 1:06:40]} O-O-O {[%clk 1:29:54]} 10. Rc1 {[%clk 1:00:38]} Kb8
{[%clk 1:29:29]} 11. Ne4 {[%clk 0:43:36]} h5 {[%clk 1:27:47]} 12. d4
{[%clk 0:36:02]} Qe8 {[%clk 1:23:27]} 13. dxe5 {[%clk 0:30:57]} Ne3
{[%clk 1:21:35]} 14. fxe3 {[%clk 0:30:27]} Rxd1 {[%clk 1:21:58]} 15. Rfxd1
{[%clk 0:30:48]} Bf5 {[%clk 1:14:31]} 16. Nh4 {[%clk 0:17:02]} Bh7
{[%clk 1:08:00]} 17. Nc5 {[%clk 0:15:23]} Bxc5 {[%clk 1:08:01]} 18. Rxc5
{[%clk 0:15:45]} Nxe5 {[%clk 1:06:54]} 19. Bxe5 {[%clk 0:14:22]} fxe5
{[%clk 1:07:21]} 20. Nf3 {[%clk 0:13:21]} e4 {[%clk 1:04:31]} 21. Re5
{[%clk 0:13:20]} Qg6 {[%clk 1:01:22]} 22. Ng5 {[%clk 0:11:31]} Qf6
{[%clk 0:59:52]} 23. Red5 {[%clk 0:11:35]} Bf5 {[%clk 0:51:21]} 24. Nxe4
{[%clk 0:11:20]} Bxe4 {[%clk 0:51:48]} 25. Bxe4 {[%clk 0:11:44]} a6
{[%clk 0:49:54]} 26. Bf3 {[%clk 0:10:59]} g5 {[%clk 0:50:01]} 27. e4
{[%clk 0:09:14]} g4 {[%clk 0:50:16]} 28. Bg2 {[%clk 0:09:38]} h4 {[%clk 0:50:21]}
29. e5 {[%clk 0:08:07]} Qg5 {[%clk 0:49:17]} 30. R5d3 {[%clk 0:06:40]} hxg3
{[%clk 0:47:31]} 31. hxg3 {[%clk 0:06:22]} Qxe5 {[%clk 0:47:56]} 32. Rd8+
{[%clk 0:06:13]} Rxd8 {[%clk 0:48:22]} 33. Rxd8+ {[%clk 0:06:37]} Ka7
{[%clk 0:48:49]} 34. Kh2 {[%clk 0:05:02]} Qxe2 {[%clk 0:48:46]} 35. a4
{[%clk 0:05:12]} Qe3 {[%clk 0:48:59]} 36. Rg8 {[%clk 0:05:14]} Qe6
{[%clk 0:49:01]} 37. Rh8 {[%clk 0:05:09]} Qxb3 {[%clk 0:49:26]} 38. a5
{[%clk 0:05:04]} c5 {[%clk 0:48:09]} 39. Rh4 {[%clk 0:04:16]} c4 {[%clk 0:48:16]}
40. Rxg4 {[%clk 0:04:31]} c3 {[%clk 0:48:41]} 41. Be4 {[%clk 0:04:43]} c2
{[%clk 0:48:52]} 42. Bxc2 {[%clk 0:05:09]} Qxc2+ {[%clk 0:49:20]} 43. Kh3
{[%clk 0:05:33]} Qf5 0-1

[Event "Sport Summer 2016"]
[Site "Paracin"]
[Date "2016.07.11"]
[Round "5.19"]
[White "Stefanov, Emil"]
[Black "Gajic, Mladen"]
[Result "1-0"]
[BlackElo "2295"]
[WhiteElo "2215"]
[LiveChessVersion "1.4.8"]

1. d4 b6 2. Nf3 Bb7 3. g3 e6 4. Bg2 f5 5. O-O Nf6 6. c4 c6 7. b3 d5 8. Ba3 Bxa3
9. Nxa3 Qd6 10. Nc2 Nbd7 11. Nce1 O-O 12. cxd5 Nxd5 13. Nd3 a5 14. Nfe5 Rfd8 15.
Qc1 Nb4 16. e3 a4 17. Nxb4 Nxe5 18. Qc3 Nd7 19. Rac1 axb3 20. axb3 Rac8 21. Rfd1
Nf6 22. Qe1 Rc7 23. Nd3 Rdc8 24. Ne5 Qe7 25. Nc4 Nd7 26. e4 fxe4 27. Bxe4 b5 28.
Na5 Ba8 29. Bg2 c5 30. d5 Ra7 31. b4 Ra6 32. Nc6 Qf6 33. Qxe6+ Qxe6 34. dxe6 Bxc6
35. exd7 Rd8 36. Rd6 Rxd7 37. Rxc6 Ra2 38. R6xc5 1-0

[Event "Sport Summer 2016"]
[Site "Paracin"]
[Date "2016.07.11"]
[Round "5.20"]
[White "Topel, Zehra"]
[Black "Djordjevic, Vuk"]
[Result "0-1"]
[BlackElo "2415"]
[WhiteElo "2107"]
[LiveChessVersion "1.4.8"]

1. d4 {[%clk 1:30:27]} Nf6 {[%clk 1:30:55]} 2. c4 {[%clk 1:30:43]} e6
{[%clk 1:31:20]} 3. Nf3 {[%clk 1:30:58]} b6 {[%clk 1:31:46]} 4. g3
{[%clk 1:31:10]} Ba6 {[%clk 1:32:10]} 5. b3 {[%clk 1:31:10]} Bb4+
{[%clk 1:32:34]} 6. Bd2 {[%clk 1:31:22]} Be7 {[%clk 1:32:46]} 7. Bg2
{[%clk 1:31:31]} c6 {[%clk 1:33:07]} 8. O-O {[%clk 1:30:55]} d5 {[%clk 1:32:30]}
9. Ne5 {[%clk 1:28:09]} Nfd7 {[%clk 1:32:25]} 10. Nxd7 {[%clk 1:27:59]} Nxd7
{[%clk 1:32:48]} 11. Bc3 {[%clk 1:27:18]} O-O {[%clk 1:31:23]} 12. Nd2
{[%clk 1:27:21]} Rc8 {[%clk 1:30:27]} 13. a4 {[%clk 1:23:48]} f5 {[%clk 1:07:46]}
14. Rc1 {[%clk 1:17:15]} Nf6 {[%clk 0:58:55]} 15. Bb2 {[%clk 1:06:36]} Bd6
{[%clk 0:51:33]} 16. Re1 {[%clk 0:58:42]} Qe7 {[%clk 0:44:05]} 17. e3
{[%clk 0:50:10]} Rfd8 {[%clk 0:37:36]} 18. Bf1 {[%clk 0:46:15]} Bb7
{[%clk 0:36:31]} 19. Nf3 {[%clk 0:46:24]} Ne4 {[%clk 0:34:33]} 20. cxd5
{[%clk 0:44:23]} exd5 {[%clk 0:29:19]} 21. Re2 {[%clk 0:41:06]} g5
{[%clk 0:21:06]} 22. Rec2 {[%clk 0:40:07]} Rf8 {[%clk 0:20:28]} 23. Bg2
{[%clk 0:37:59]} g4 {[%clk 0:15:10]} 24. Nh4 {[%clk 0:33:01]} Qe6
{[%clk 0:13:23]} 25. Bxe4 {[%clk 0:27:14]} fxe4 {[%clk 0:12:20]} 26. Qe1
{[%clk 0:27:05]} Qd7 {[%clk 0:10:28]} 27. Qe2 {[%clk 0:24:27]} Rf6
{[%clk 0:06:26]} 28. Ra1 {[%clk 0:22:48]} a5 {[%clk 0:03:20]} 29. Ba3
{[%clk 0:22:40]} Bxa3 {[%clk 0:03:04]} 30. Rxa3 {[%clk 0:22:57]} c5
{[%clk 0:02:52]} 31. dxc5 {[%clk 0:23:04]} bxc5 {[%clk 0:01:21]} 32. Qb5
{[%clk 0:22:33]} Qxb5 {[%clk 0:00:44]} 33. axb5 d4 34. Rxa5 {[%clk 0:19:28]} d3
{[%clk 0:01:36]} 35. Rd2 {[%clk 0:18:24]} Bd5 {[%clk 0:01:23]} 36. Rb2
{[%clk 0:13:57]} Rd8 {[%clk 0:00:40]} 37. Ra1 {[%clk 0:12:56]} Rb8
{[%clk 0:00:48]} 38. Ra5 {[%clk 0:13:02]} Rfb6 {[%clk 0:00:36]} 39. Nf5
{[%clk 0:13:26]} Kf7 {[%clk 0:00:47]} 40. Ra7+ {[%clk 0:11:39]} Ke6
{[%clk 0:01:16]} 41. Ng7+ {[%clk 0:08:58]} Ke5 {[%clk 0:01:45]} 42. Re7+
{[%clk 0:09:14]} Kf6 {[%clk 0:01:38]} 43. Rd7 {[%clk 0:09:32]} Bf7
{[%clk 0:01:59]} 44. Ra2 {[%clk 0:07:40]} Kxg7 {[%clk 0:01:43]} 45. Raa7
{[%clk 0:08:00]} Rf8 {[%clk 0:02:00]} 46. Ra4 {[%clk 0:07:44]} Rxb5
{[%clk 0:01:19]} 47. Rxe4 {[%clk 0:08:08]} h5 {[%clk 0:01:23]} 48. Rxd3
{[%clk 0:08:17]} Bg6 {[%clk 0:01:28]} 49. Re7+ {[%clk 0:07:57]} Rf7
{[%clk 0:01:57]} 50. Rxf7+ {[%clk 0:08:17]} Bxf7 {[%clk 0:02:22]} 0-1

[Event "International Championship of Central Se"]
[Site "Paracin, hotel "]
[Date "2016.07.11"]
[Round "5.21"]
[White "Obodchuk, Andrei"]
[Black "Ozturk, Kubra"]
[Result "1-0"]
[WhiteElo "2395"]
[BlackElo "2249"]
[PlyCount "84"]
[EventDate "2016.07.07"]

1. e4 e5 2. Nf3 Nc6 3. Bb5 a6 4. Ba4 Nf6 5. O-O b5 6. Bb3 Be7 7. Re1 d6 8. c3
O-O 9. h3 Nb8 10. d3 Nbd7 11. Nbd2 Bb7 12. Nf1 c5 13. Ng3 Re8 14. Nf5 Bf8 15.
Ng5 d5 16. exd5 h6 17. Ne4 Bxd5 18. Bxd5 Nxd5 19. Qg4 Kh7 20. Qf3 N7f6 21. a4
Nxe4 22. dxe4 Nb6 23. Ne3 Kg8 24. Rd1 Qb8 25. a5 Nc8 26. Nd5 Ne7 27. Nb6 Ra7
28. Nd7 Qc7 29. Be3 Ng6 30. Nb6 Qc6 31. Rd2 Rae7 32. Rad1 Re6 33. g3 Rf6 34.
Qg4 c4 35. Qd7 b4 36. Nd5 Rfe6 37. Qxc6 Rxc6 38. cxb4 Rb8 39. Bb6 Be7 40. Rc2
Rbc8 41. f3 f6 42. Rdc1 Bd6 1-0

[Event "International Championship of Central Se"]
[Site "Paracin, hotel "]
[Date "2016.07.11"]
[Round "5.22"]
[White "Arsic, Djordje"]
[Black "Nestorovic, Lazar"]
[Result "0-1"]
[WhiteElo "2232"]
[BlackElo "2340"]
[PlyCount "78"]
[EventDate "2016.07.07"]

1. e4 c5 2. Nf3 e6 3. Qe2 b6 4. g3 Bb7 5. Bg2 h5 6. h4 Nf6 7. d3 Nc6 8. O-O d5
9. e5 Ng4 10. Bf4 Be7 11. Nbd2 Qd7 12. c4 O-O-O 13. Rfe1 Nb4 14. Rec1 dxc4 15.
d4 Nd3 16. Rxc4 Ndxf2 17. dxc5 bxc5 18. b4 Nd3 19. bxc5 Ba6 20. c6 Qc7 21. Rb1
Bxc4 22. Nxc4 Bc5+ 23. Kf1 Qxc6 24. Nd6+ Rxd6 25. exd6 Nxf4 26. d7+ Kc7 27.
gxf4 Ne3+ 28. Kg1 Rd8 29. Kh1 Nxg2 30. Kxg2 Rxd7 31. Qe5+ Bd6 32. Qa5+ Kc8 33.
Rb3 Bc7 34. Qxa7 Bxf4 35. Qg1 Rd2+ 36. Kh3 Rxa2 37. Nd4 Qe4 38. Rc3+ Kd7 39.
Rc2 Rxc2 0-1

[Event "International Championship of Central Se"]
[Site "Paracin, hotel "]
[Date "2016.07.11"]
[Round "5.23"]
[White "Pantelic, Sasa"]
[Black "Baglan, Esat"]
[Result "1/2-1/2"]
[WhiteElo "2340"]
[BlackElo "2246"]
[PlyCount "97"]
[EventDate "2016.07.07"]

1. d4 Nf6 2. c4 g6 3. Nc3 Bg7 4. e4 d6 5. f3 O-O 6. Be3 c5 7. Nge2 cxd4 8. Nxd4
Nc6 9. Qd2 Nxd4 10. Bxd4 Bd7 11. Be2 Bc6 12. O-O a5 13. Rac1 Nd7 14. Kh1 Bxd4
15. Qxd4 Qb6 16. Qd2 Nc5 17. b3 a4 18. Rb1 axb3 19. axb3 Qb4 20. Rfd1 Rfc8 21.
Qc2 Ra3 22. Na2 Qa5 23. Nc1 Ra8 24. h3 Na6 25. Nd3 Nb4 26. Nxb4 Qxb4 27. Qd2
Qxd2 28. Rxd2 Ra1 29. Rxa1 Rxa1+ 30. Bd1 b5 31. cxb5 Bxb5 32. Kg1 Be2 33. Rxe2
Rxd1+ 34. Kf2 Rb1 35. Re3 Rb2+ 36. Kg3 g5 37. Rc3 Kg7 38. Rc7 Kf6 39. Rb7 h5
40. h4 gxh4+ 41. Kh3 e6 42. Rb5 Kg6 43. b4 Kf6 44. Rb8 d5 45. exd5 exd5 46. b5
Ke7 47. b6 d4 48. Rb7+ Ke6 49. Rb8 1/2-1/2

[Event "International Championship of Central Se"]
[Site "Paracin, hotel "]
[Date "2016.07.11"]
[Round "5.24"]
[White "Chekletsov, Ilya"]
[Black "Tosic, Srecko"]
[Result "0-1"]
[WhiteElo "2223"]
[BlackElo "2340"]
[PlyCount "100"]
[EventDate "2016.07.07"]

1. d4 d5 2. c4 c6 3. Nf3 Nf6 4. Qc2 dxc4 5. Qxc4 Bf5 6. g3 e6 7. Bg2 Nbd7 8.
O-O Be7 9. e3 O-O 10. Nc3 Ne4 11. Rd1 Nxc3 12. bxc3 Be4 13. Qe2 Qc7 14. Bb2 c5
15. c4 Qc6 16. d5 Qa6 17. Bf1 exd5 18. Ne1 Rad8 19. f3 Bg6 20. cxd5 Qxe2 21.
Bxe2 Bd6 22. e4 f5 23. Bd3 fxe4 24. fxe4 Rfe8 25. Nf3 Bxe4 26. Bxe4 Rxe4 27.
Ng5 Re7 28. Re1 Rde8 29. Re6 Rxe6 30. Nxe6 Re7 31. a4 b6 32. Rf1 h6 33. Kg2 a6
34. Rf2 b5 35. axb5 axb5 36. Nd8 Nb6 37. Ne6 Nxd5 38. Nd8 b4 39. Kh3 Bc7 40.
Nc6 Re6 41. Na7 c4 42. Rf5 c3 43. Bc1 Ne7 44. Rb5 Rb6 45. Rc5 Bd6 46. Rc4 Be5
47. Be3 Rb7 48. Rc5 b3 49. Nb5 b2 50. Na3 Bd6 0-1

[Event "International Championship of Central Se"]
[Site "Paracin, hotel "]
[Date "2016.07.11"]
[Round "5.25"]
[White "Raykov, Stefan"]
[Black "Blazeka, Matej"]
[Result "1/2-1/2"]
[WhiteElo "2155"]
[BlackElo "2328"]
[PlyCount "77"]
[EventDate "2016.07.07"]

1. e4 c6 2. d4 d5 3. Nc3 dxe4 4. Nxe4 Nf6 5. Ng3 Nbd7 6. Nf3 e6 7. Bd3 Be7 8.
O-O O-O 9. b3 c5 10. c4 b6 11. Bb2 Bb7 12. Qe2 Re8 13. Rad1 Qc7 14. Rfe1 cxd4
15. Nxd4 Bb4 16. Rf1 e5 17. Nb5 Qc8 18. Bf5 Qc6 19. Be4 Nxe4 20. Qxe4 Qxe4 21.
Nxe4 Re7 22. Ned6 Bxd6 23. Rxd6 a6 24. Nc7 Rc8 25. Nd5 Bxd5 26. Rxd5 f6 27. Ba3
Rf7 28. Rfd1 Rc7 29. Bd6 Rc6 30. Kf1 g6 31. Ke2 Nf8 32. Bxf8 Kxf8 33. Rd6 Rfc7
34. Rxc6 Rxc6 35. Rd7 b5 36. cxb5 axb5 37. Kd2 Ra6 38. Rb7 Rxa2+ 39. Ke3
1/2-1/2

[Event "International Championship of Central Se"]
[Site "Paracin, hotel "]
[Date "2016.07.11"]
[Round "5.26"]
[White "Mladenovic, Stefan"]
[Black "Injac, Teodora"]
[Result "0-1"]
[WhiteElo "2327"]
[BlackElo "2215"]
[PlyCount "87"]
[EventDate "2016.07.07"]

1. d4 Nf6 2. Nf3 g6 3. Bf4 Bg7 4. e3 O-O 5. Be2 d6 6. h3 c5 7. c3 Be6 8. Nbd2
Qb6 9. Qc2 cxd4 10. exd4 Nc6 11. Nc4 Qc7 12. Ne3 Nd5 13. Nxd5 Bxd5 14. Qd2 Rad8
15. Bh6 e5 16. Bxg7 Kxg7 17. O-O f5 18. dxe5 dxe5 19. Qe3 e4 20. Nh2 f4 21. Qc5
f3 22. Bc4 b6 23. Qb5 Nd4 24. Qa4 Bxc4 25. cxd4 Bxf1 26. Rxf1 fxg2 27. Kxg2 Qd7
28. Qa3 Rf7 29. Rd1 Rdf8 30. Rd2 Rf3 31. Nxf3 exf3+ 32. Kg1 h6 33. Qe3 Qxh3 34.
Qe5+ Kg8 35. Qg3 Qe6 36. Rd3 Rf4 37. Re3 Qf6 38. d5 Qf5 39. Kf1 h5 40. Qh2 Kg7
41. Re1 Kh6 42. Rd1 Qe4 43. Rc1 Rg4 44. Rc2 0-1

[Event "International Championship of Central Se"]
[Site "Paracin, hotel "]
[Date "2016.07.11"]
[Round "5.27"]
[White "Yurtseven, Melih"]
[Black "Banovic, Ivan"]
[Result "1/2-1/2"]
[WhiteElo "2318"]
[BlackElo "2194"]
[PlyCount "77"]
[EventDate "2016.07.07"]

1. Nf3 Nf6 2. b3 g6 3. Bb2 Bg7 4. c4 O-O 5. g3 d6 6. d4 Nbd7 7. Bg2 e5 8. dxe5
Ng4 9. O-O Ngxe5 10. Nxe5 Nxe5 11. Nc3 Re8 12. Qd2 a5 13. Rac1 Rb8 14. Rfd1 Be6
15. Na4 b6 16. Nc3 Nd7 17. Nb5 Bxb2 18. Qxb2 Nc5 19. Na7 Bd7 20. Nc6 Bxc6 21.
Bxc6 Re5 22. a3 Qe7 23. Rc2 h5 24. h4 Ne6 25. b4 axb4 26. axb4 Ng7 27. e3 Ne8
28. Qd4 Nf6 29. Ra2 Ng4 30. Rda1 Qf6 31. Kg2 Kg7 32. e4 Re7 33. Qxf6+ Kxf6 34.
f4 Kg7 35. Re1 f6 36. Kf3 Rf8 37. Ree2 g5 38. Ra7 Kh6 39. Bd5 1/2-1/2

[Event "International Championship of Central Se"]
[Site "Paracin, hotel "]
[Date "2016.07.11"]
[Round "5.28"]
[White "Milosevic, Milos"]
[Black "Bosnjak, Petar"]
[Result "1/2-1/2"]
[WhiteElo "2192"]
[BlackElo "2311"]
[PlyCount "105"]
[EventDate "2016.07.07"]

1. d4 Nf6 2. Nf3 e6 3. c4 Bb4+ 4. Bd2 Qe7 5. g3 Nc6 6. Nc3 Bxc3 7. Bxc3 Ne4 8.
Qc2 Nxc3 9. Qxc3 O-O 10. Bg2 a5 11. O-O d6 12. a3 a4 13. e4 e5 14. h3 Re8 15.
Rac1 Na5 16. c5 Nb3 17. cxd6 cxd6 18. Rcd1 Bd7 19. Qb4 Bc6 20. d5 Bd7 21. Nd2
Nc5 22. Nc4 b5 23. Ne3 Rec8 24. Rfe1 Nb3 25. Bf1 Rc5 26. Kg2 Rac8 27. Be2 g6
28. Rf1 h5 29. h4 Nd4 30. Rxd4 exd4 31. Qxd4 Re8 32. Bd3 Qe5 33. Qxe5 Rxe5 34.
Nc2 f5 35. f3 fxe4 36. fxe4 Kg7 37. Nd4 Re8 38. Nc2 Rec8 39. Rf2 Bg4 40. Nd4
Bd7 41. Nc2 Rb8 42. Rf1 Bg4 43. Nd4 Bd7 44. Nc2 Re8 45. Nd4 Re7 46. Nc2 Re5 47.
Nd4 Rc7 48. Nf3 Re8 49. Nd4 Rb8 50. Nc2 Rbc8 51. Rf2 Rb8 52. Rf1 Re8 53. Rf2
1/2-1/2

[Event "International Championship of Central Se"]
[Site "Paracin, hotel "]
[Date "2016.07.11"]
[Round "5.29"]
[White "Pregarac, Valter"]
[Black "Todorovic, Nenad I"]
[Result "0-1"]
[WhiteElo "2135"]
[BlackElo "2306"]
[PlyCount "154"]
[EventDate "2016.07.07"]

1. d4 Nf6 2. c4 e6 3. Nc3 Bb4 4. e3 O-O 5. Bd3 d5 6. Nf3 c5 7. O-O dxc4 8. Bxc4
Nbd7 9. a3 Bxc3 10. bxc3 b6 11. Qe2 Bb7 12. Bb2 Qc7 13. Bd3 Be4 14. c4 Qb7 15.
Rfd1 Rfd8 16. a4 Bxd3 17. Qxd3 cxd4 18. exd4 Rac8 19. Qb3 Qa6 20. Rdc1 Ne4 21.
Qb5 Qb7 22. Qb4 a5 23. Qe7 Re8 24. Qh4 Nd6 25. Nd2 Qa6 26. d5 e5 27. Ra3 Rc7
28. Rh3 h6 29. Qg4 Nf6 30. Qg3 Nde4 31. Nxe4 Nxe4 32. Qd3 Nd6 33. Rh4 Qc8 34.
h3 e4 35. Qg3 Nf5 36. Qg4 g6 37. d6 Rxc4 38. Rxc4 Qxc4 39. d7 Rd8 40. Qf4 Qc2
41. Qe5 Qd1+ 42. Kh2 Qd6 43. Rxe4 Rxd7 44. Qxd6 Nxd6 45. Rd4 Kf8 46. Bc1 h5 47.
Bg5 f5 48. g4 hxg4 49. hxg4 fxg4 50. Be3 Rh7+ 51. Kg2 Nf5 52. Rd8+ Ke7 53. Bxb6
Ke6 54. Ra8 Kd5 55. Bxa5 Rh3 56. Bd8 Ra3 57. Bg5 Kc6 58. Ra6+ Kb7 59. Ra5 Ra2
60. Bf6 Kc6 61. Ra8 g3 62. Rc8+ Kd5 63. Rd8+ Ke4 64. Bg5 Rxf2+ 65. Kg1 Nd4 66.
Re8+ Kf5 67. Rf8+ Kxg5 68. Rxf2 gxf2+ 69. Kxf2 Kf4 70. a5 Nc6 71. a6 g5 72. Kg2
g4 73. Kf2 g3+ 74. Kg2 Kg4 75. Kg1 Kf3 76. Kf1 g2+ 77. Kg1 Nd4 0-1

[Event "International Championship of Central Se"]
[Site "Paracin, hotel "]
[Date "2016.07.11"]
[Round "5.30"]
[White "Rajkovic, Mladen"]
[Black "Trifunovic, Miroljub"]
[Result "0-1"]
[WhiteElo "2303"]
[BlackElo "2209"]
[PlyCount "82"]
[EventDate "2016.07.07"]

1. e4 e5 2. Nf3 Nc6 3. Bc4 Bc5 4. d3 Nf6 5. O-O d6 6. c3 a6 7. Bb3 Ba7 8. h3 h6
9. Re1 O-O 10. Nbd2 Nh5 11. Nf1 Qf6 12. Ne3 Nf4 13. Nd5 Nxd5 14. exd5 Ne7 15.
d4 exd4 16. cxd4 Nf5 17. Re4 Bd7 18. g4 Nh4 19. Rf4 Qe7 20. Nxh4 Qxh4 21. Qf3
f5 22. gxf5 Qg5+ 23. Rg4 Qxf5 24. Qg3 Qf6 25. Rg6 Qxd4 26. Be3 Qxb2 27. Re1
Rae8 28. h4 Bxe3 29. fxe3 Qe5 30. Qg2 Kh8 31. Bc2 Bf5 32. Bxf5 Rxf5 33. e4 Rf4
34. Rg4 Ref8 35. Rd1 Kh7 36. Rd2 Rxg4 37. Qxg4 Rf4 38. Qd7 Qxe4 39. Rh2 Qe1+
40. Kg2 Qf1+ 41. Kg3 Qf3# 0-1

[Event "International Championship of Central Se"]
[Site "Paracin, hotel "]
[Date "2016.07.11"]
[Round "5.31"]
[White "Gulden, Egemen"]
[Black "Nester, Ihor"]
[Result "0-1"]
[WhiteElo "2122"]
[BlackElo "2300"]
[PlyCount "42"]
[EventDate "2016.07.07"]

1. e4 e5 2. Nc3 Nf6 3. Nf3 Nc6 4. Bc4 Nxe4 5. Nxe4 d5 6. Bd3 dxe4 7. Bxe4 Bd6
8. d4 exd4 9. Nxd4 O-O 10. Nxc6 Qh4 11. Bf3 Re8+ 12. Kf1 bxc6 13. g3 Bh3+ 14.
Kg1 Qf6 15. Bg2 Rad8 16. Qf1 Bc5 17. Bf4 g5 18. Bxh3 gxf4 19. Qc4 fxg3 20. Qxc5
Rd5 21. Qxa7 Ra5 0-1

[Event "International Championship of Central Se"]
[Site "Paracin, hotel "]
[Date "2016.07.11"]
[Round "5.32"]
[White "Krstulovic, Alex"]
[Black "Sukovic, Andrej"]
[Result "1-0"]
[WhiteElo "2280"]
[BlackElo "2084"]
[PlyCount "85"]
[EventDate "2016.07.07"]

1. d4 Nf6 2. c4 g6 3. Nc3 Bg7 4. e4 d6 5. Be2 O-O 6. Bg5 c5 7. d5 b5 8. cxb5 a6
9. a4 Qa5 10. Bd2 Qb4 11. Bd3 c4 12. Bc2 Nfd7 13. Nge2 Ne5 14. O-O Bg4 15. h3
Bd7 16. Rb1 Qc5 17. Be3 Qc8 18. f4 Nd3 19. Bxd3 cxd3 20. Qxd3 f5 21. Rbc1 axb5
22. axb5 Qb7 23. Nd4 fxe4 24. Qxe4 Bf5 25. Qf3 Nd7 26. Nc6 Nc5 27. Bxc5 dxc5
28. Rfe1 Bd4+ 29. Kh1 Rf7 30. g4 Bd7 31. d6 Kg7 32. Nxd4 Qxf3+ 33. Nxf3 exd6
34. Kg2 Rxf4 35. Re7+ Rf7 36. Rxf7+ Kxf7 37. Ng5+ Kf6 38. Nxh7+ Ke5 39. Re1+
Kd4 40. Nf6 Bxb5 41. Nxb5+ Kc4 42. Nxd6+ Kb3 43. Rc1 1-0

[Event "International Championship of Central Se"]
[Site "Paracin, hotel "]
[Date "2016.07.11"]
[Round "5.33"]
[White "Kaufeld, Juergen"]
[Black "Sensay, Emin"]
[Result "1/2-1/2"]
[WhiteElo "2271"]
[BlackElo "1881"]
[PlyCount "76"]
[EventDate "2016.07.07"]

1. d4 Nf6 2. c4 g6 3. g3 Bg7 4. Bg2 O-O 5. Nf3 d6 6. O-O Nc6 7. Nc3 a6 8. Bf4
Rb8 9. Rc1 Nh5 10. Bg5 h6 11. Be3 Kh7 12. Qd2 f5 13. Rfd1 e6 14. d5 Ne5 15.
Nxe5 dxe5 16. Ba7 Ra8 17. Bc5 Re8 18. dxe6 Qxd2 19. Rxd2 c6 20. e7 Be6 21. Na4
a5 22. Nb6 Ra6 23. Rd8 Nf6 24. Rcd1 Bf7 25. Rxe8 Bxe8 26. Rd8 Kg8 27. e4 Kf7
28. exf5 gxf5 29. f3 Ng8 30. Nc8 Nf6 31. Bh3 Bd7 32. Nb6 Be8 33. Bxf5 a4 34.
Nd7 Nxd7 35. Rxe8 Nxc5 36. Bg6+ Kf6 37. g4 Rb6 38. h4 Ne6 1/2-1/2

[Event "International Championship of Central Se"]
[Site "Paracin, hotel "]
[Date "2016.07.11"]
[Round "5.34"]
[White "Peycheva, Gergana"]
[Black "Vujacic, Borivoje"]
[Result "1-0"]
[WhiteElo "2016"]
[BlackElo "2265"]
[PlyCount "104"]
[EventDate "2016.07.07"]

1. e4 c5 2. d3 g6 3. g3 Bg7 4. Bg2 Nc6 5. f4 d6 6. Nf3 e5 7. O-O Nge7 8. Na3
O-O 9. c3 b6 10. Nc4 b5 11. Ne3 Rb8 12. Nh4 exf4 13. gxf4 b4 14. Bd2 bxc3 15.
bxc3 Ba6 16. Be1 f6 17. Bg3 Qd7 18. Qc2 f5 19. Rfb1 fxe4 20. dxe4 Qc7 21. Rxb8
Rxb8 22. Rd1 Qa5 23. Be1 c4 24. Nd5 Qa3 25. Rb1 Rf8 26. Qd2 Bc8 27. Nf3 Kh8 28.
Nxe7 Nxe7 29. Nd4 h6 30. Nb5 Qa5 31. Nxd6 Kh7 32. Kh1 Rd8 33. e5 Nf5 34. Rb5
Qc7 35. Rd5 Be6 36. Nb5 Qb6 37. Rxd8 Qxb5 38. Bd5 Qb1 39. Bxe6 Qe4+ 40. Kg1 Ne7
41. Rd4 Qc6 42. Bd5 Qc5 43. Bf2 Qc8 44. Bxc4 Qg4+ 45. Bg3 Nf5 46. Rd8 h5 47.
Qe2 Qh3 48. Qf1 Qg4 49. Be2 Nxg3 50. Bxg4 Nxf1 51. Kxf1 hxg4 52. e6 Bf6 1-0

[Event "International Championship of Central Se"]
[Site "Paracin, hotel "]
[Date "2016.07.11"]
[Round "5.35"]
[White "Popovic, Aleksandar M"]
[Black "Erece, Ece Alkim"]
[Result "1/2-1/2"]
[WhiteElo "2256"]
[BlackElo "1775"]
[PlyCount "49"]
[EventDate "2016.07.07"]

1. g3 g6 2. Bg2 Bg7 3. e4 c5 4. f4 Nc6 5. Nf3 e6 6. O-O Nge7 7. Nc3 d6 8. d3
Nd4 9. e5 Nxf3+ 10. Qxf3 d5 11. Nb5 O-O 12. Nd6 Qc7 13. c4 Bd7 14. g4 Bc6 15.
Qg3 f6 16. cxd5 exd5 17. Bd2 Rad8 18. Rac1 fxe5 19. fxe5 Rxf1+ 20. Bxf1 Bxe5
21. Qxe5 Qxd6 22. Qxd6 Rxd6 23. Rxc5 d4 24. Re5 Kf7 25. Bb4 1/2-1/2

[Event "International Championship of Central Se"]
[Site "Paracin, hotel "]
[Date "2016.07.11"]
[Round "5.36"]
[White "Bozilov, Dragan"]
[Black "Tomic, Aleksandar"]
[Result "0-1"]
[WhiteElo "2075"]
[BlackElo "2272"]
[PlyCount "134"]
[EventDate "2016.07.07"]

1. e4 c5 2. Nf3 e6 3. d4 cxd4 4. Nxd4 a6 5. Bd3 Nf6 6. Nc3 Qc7 7. O-O h5 8. h3
Bc5 9. Be3 d6 10. Qe2 Nc6 11. Nb3 Bxe3 12. Qxe3 b5 13. f4 Rb8 14. Rad1 h4 15.
Qf2 Qb6 16. Qxb6 Rxb6 17. Be2 Ke7 18. Bf3 Nh5 19. Ne2 Bb7 20. Rd2 a5 21. Rfd1
a4 22. Nbd4 Nxd4 23. Rxd4 b4 24. Rc4 Kd7 25. Rcd4 Ba6 26. e5 d5 27. f5 Bxe2 28.
Bxe2 Ng3 29. fxe6+ fxe6 30. Bg4 Ke7 31. c4 bxc3 32. bxc3 Rc8 33. Rxa4 Rxc3 34.
Ra7+ Kf8 35. a4 Rc2 36. a5 Rbb2 37. Bf3 Ra2 38. Rb1 Kg8 39. a6 Rc6 40. Ra8+ Kh7
41. a7 Kg6 42. Re1 Rca6 43. Bg4 Kf7 44. Rc8 Rxa7 45. Rc6 Re7 46. Rb1 Ne2+ 47.
Kh1 Nf4 48. Rf1 g5 49. Bh5+ Kg7 50. Bg4 d4 51. Rd6 d3 52. Bf3 Rc7 53. Rd1 Rac2
54. Kg1 R2c5 55. Be4 Rc1 56. Rxc1 Rxc1+ 57. Kf2 Rc2+ 58. Ke3 Re2+ 59. Kf3 Rxg2
60. Rd7+ Kf8 61. Bxd3 Rg3+ 62. Ke4 Rxh3 63. Bc4 Rg3 64. Rh7 h3 65. Ba2 Kg8 66.
Rh6 Kg7 67. Rh4 gxh4 0-1

[Event "International Championship of Central S"]
[Site "Paracin, hotel "]
[Date "2016.07.11"]
[Round "5.40"]
[White "Jovanovic, Bojan P"]
[Black "Dogan, Mire Deniz"]
[Result "1-0"]
[WhiteElo "2246"]
[BlackElo "2042"]
[PlyCount "51"]
[EventDate "2016.07.07"]

1. f4 d5 2. Nf3 Nf6 3. e3 Bg4 4. Be2 c6 5. b3 Nbd7 6. Bb2 e6 7. O-O Bd6 8. Ne5
Bxe2 9. Qxe2 Qc7 10. Nxd7 Qxd7 11. d3 Qc7 12. e4 dxe4 13. dxe4 O-O-O 14. e5
Bc5+ 15. Kh1 Nd5 16. Nd2 Ne3 17. Ne4 Nxf1 18. Nxc5 Nd2 19. Bc3 Qb6 20. Nd3 h5
21. Qxd2 h4 22. h3 Rhg8 23. Qe1 g5 24. Ba5 Qd4 25. Bxd8 gxf4 26. Bxh4 1-0

[Event "International Championship of Central S"]
[Site "Paracin, hotel "]
[Date "2016.07.11"]
[Round "5.47"]
[White "Samani, Yamac"]
[Black "Dezelin, Milan"]
[Result "1/2-1/2"]
[WhiteElo "2083"]
[BlackElo "2259"]
[PlyCount "40"]
[EventDate "2016.07.07"]

1. e4 c5 2. Ne2 Nc6 3. d4 cxd4 4. Nxd4 Nf6 5. Nc3 g6 6. Nxc6 bxc6 7. e5 Ng8 8.
Bc4 Bg7 9. Bf4 f5 10. Qe2 e6 11. O-O-O Qc7 12. Kb1 Nh6 13. Bc1 Nf7 14. f4 Rb8
15. Rd3 Rb4 16. b3 Rxc4 17. bxc4 Ba6 18. Re3 Qb6+ 19. Ka1 Qb4 20. Qd2 Bxc4
1/2-1/2